• 首页
  • 本馆介绍
  • 公告通知
  • 最新文献
  • 馆藏检索
  • 电子资源
  • 读者导购
  • 参考咨询
  • 我的图书馆
  • 登录
  • 详细信息显示
  • 放入我的书架
  • 预约/预借图书
  • 作者相关作品
  • 分类相关作品
  • 丛书相关作品
  • 出版社相关作品

书目信息

  • 表格格式
  • 工作单格式
  • 卡片格式
题名:
中国大地震
    
 
作者: 马泰泉 著
分册:  
出版信息: 北京   地震出版社  2018.05
页数: 427页
开本: 24cm
丛书名:
单 册:
中图分类: P316.2
科图分类:
主题词: 地震灾害--中国--史料
电子资源:
ISBN: 978-7-5028-4969-6
000 01426nam0 2200253 450
001 969
005 20180927084308.21
010    @a978-7-5028-4969-6@dCNY58.00
100    @a20180714d2018 em y0chiy50 ea
101 0  @achi
102    @aCN@b110000
105    @aa z 000yy
200 1  @a中国大地震@9zhong guo da di zhen@dGreat earthouakes in China@f马泰泉著@zeng
210    @a北京@c地震出版社@d2018.05
215    @a427页@c图@d24cm
300    @a长篇报告文学
314    @a马泰泉,男,毕业于解放国艺术学院文学系,国家一级作家,享受国务院政府特殊津贴,著有长篇报告文学《国防部长浮沉记》、《拥抱与决裂》等。
330    @a这是作者历时六年之余,倾心完成的一部新中国成立以来所遭袭的几次最惨烈大地震的纪实文学作品。它真实记述了从猝发人口稠密地区的邢台大地震,到成功预报堪称“世界奇迹”的海城大地震;从惨绝人寰的唐山大地震,到山崩地裂江河倒悬的汶川特大地震……每一个细节都经过历史印证,每一段文字都让人訇然心动!其中揭秘的许多被岁月尘封的历史真相更令人深深震撼!同时它描述的不仅仅是中国地震预报40多年探索的艰辛历程和地震学家的坎坷命运,也不仅仅是人类意志与生命在大灾难大毁灭面前的渺小与脆弱,而且以广阔的视角展示地球、宇宙乃至天体运行的神奇造化和人类未解之谜,以真挚的悲悯情怀表达对大自然法则的敬畏,对生命和尊严的礼赞!
510 1  @aGreat earthouakes in China@zeng
606 0  @a地震灾害@y中国@j史料
690    @aP316.2@v5
701  0 @a马泰泉@9ma tai quan@4著
801  0 @aCN@b91MARC@c20180714
905    @aMuseLib@dP316.2@e127
    
    中国大地震=Great earthouakes in China/马泰泉著.-北京:地震出版社,2018.05
    427页:图;24cm
    长篇报告文学
    
    ISBN 978-7-5028-4969-6:CNY58.00
    这是作者历时六年之余,倾心完成的一部新中国成立以来所遭袭的几次最惨烈大地震的纪实文学作品。它真实记述了从猝发人口稠密地区的邢台大地震,到成功预报堪称“世界奇迹”的海城大地震;从惨绝人寰的唐山大地震,到山崩地裂江河倒悬的汶川特大地震……每一个细节都经过历史印证,每一段文字都让人訇然心动!其中揭秘的许多被岁月尘封的历史真相更令人深深震撼!同时它描述的不仅仅是中国地震预报40多年探索的艰辛历程和地震学家的坎坷命运,也不仅仅是人类意志与生命在大灾难大毁灭面前的渺小与脆弱,而且以广阔的视角展示地球、宇宙乃至天体运行的神奇造化和人类未解之谜,以真挚的悲悯情怀表达对大自然法则的敬畏,对生命和尊严的礼赞!
●
相关链接 在E读中查询图书 在五车中查询图书 在当当中查询图书 在豆瓣中查询图书


正题名:中国大地震     索取号:P316.2/127         预约/预借

序号 登录号 条形码 馆藏地/架位号 状态 备注
1 1120534   211205346   第二样本阅览室/ [索取号:P316.2/127] 在馆    
2 1120535   211205355   密集书库-资源管理系/ [索取号:P316.2/127] 在馆    
3 1120536   211205364   第三借阅区/ [索取号:P316.2/127] 在馆    
4 1120537   211205373   第三借阅区/ [索取号:P316.2/127] 在馆    
5 1120538   211205382   第三借阅区/ [索取号:P316.2/127] 在馆    
唐山师范学院图书馆 欢迎您!
大连网信软件有限公司© 版权所有